Diálogo con Ronald Solís, empresario agrícola costarricense /

Gespeichert in:
Bibliographische Detailangaben
1. Verfasser: Solís, Ronald
Weitere Verfasser: Pérez E., Laura Saraví, Tomás
Format: Text
Schlagworte:
Tags: Tag hinzufügen
Keine Tags, Fügen Sie den ersten Tag hinzu!

MARC

LEADER 00000 a a2200000 04500
001 12578
003
040
100 |a Solís, Ronald  
245 |a Diálogo con Ronald Solís, empresario agrícola costarricense /  |c Ronald Solís 
650 |a EMPRESAS AGRICOLAS  
650 |a SECTOR AGRICOLA  
650 |a EXPORTACIONES  
650 |a ESTADO  
650 |a ORGANIZACIONES NO GUBERNAMENTALES  
650 |a POLITICA GUBERNAMENTAL  
650 |a PRODUCTORES  
650 |a SOCIEDAD  
700 |a Pérez E., Laura   |a Saraví, Tomás  
773 |g volumen 2, número 1 (3); páginas 89-98  
999 |c 25262  |d 25262